000 00353 a2200133 4500
000 nam a22 7a 4500
100 _aStorm, Isla
110 _aStorm, Isla
245 _aEcological Assessment of Crop Biotechnology
250 _aLatest edition
260 _bbrilliance publishing
_c2025
264 _bbrilliance publishing
_c2025
942 _cBK
999 _c396011
_d396011